| 000 | 01186nam2a2200241 4500 | ||
|---|---|---|---|
| 001 | rc\3015469 | ||
| 005 | 20260315064411.0 | ||
| 035 | _a(NLR Aleph) 007157798 | ||
| 090 |
_a13618170 _c13618170 |
||
| 100 | _a20110925d1935 u y0rusy50 ca | ||
| 101 | 0 | _arus | |
| 102 | _aRU | ||
| 105 | _ay z ||||| | ||
| 200 | 0 |
_aПисьмо 3 _fСост. Б. Лейбзон |
|
| 210 | _d[1935] | ||
| 215 | _a8 с. | ||
| 461 | 0 |
_1001rc\3015468 _12000#$aМетодические указания консультантам по газетным дисциплинам$fРуководитель курса С.Б. Курс$vПисьмо 3 _97218030 _aЗаочные курсы редакторов колхозных и бригадных стенгазет (Москва) _c[Москва] _d[1935] _fРуководитель курса С.Б. Курс _nизд-во и тип. изд-ва "Крестьян. газ" _tМетодические указания консультантам по газетным дисциплинам _vПисьмо 3 |
|
| 702 | 1 |
_aЛейбзон _bБ. _4220 |
|
| 801 | 0 |
_aRU _bNLR _gpsbo |
|
| 801 | 1 |
_aRU _bELAR _2rusmarc |
|
| 852 |
_aNLR _j35-18/65(3) |
||
| 942 | _cUNSPEC | ||
| 980 | _aNB | ||